Zoology Order of Mammals - Statistics

General Stats
  • This quiz has been taken 231 times
  • The average score is 7 of 14
Answer Stats
Hint (Characteristics) Answer (Order) Example % Correct
Two upper and two lower chisel-like incisors (Teeth grow continually) Rodentia Beaver
79%
Teeth adapted for eating meat Carnivora Red Panda
78%
Anterior limbs forming broad flippers (flukes) -Posterior limbs absent Cetacea Whale
71%
Five digits on limbs, nails instead of claws, large cerebrum Primates Lemur
63%
Egg-layers Monotremata Platypus
58%
Even-toed hooves Artiodactyla Swine
54%
Second to fifth digits elongated into wings Chiroptera Bat
54%
Four upper incisors, two large and two small Lagomorpha Rabbit
54%
Odd-toed hooves Perissodactyla Horse
49%
Have blunt muzzle covered with coarse vibrissae Sirenia Manatee
46%
Insect eaters (Live much of their time underground) Insectivora Shrew
41%
Pouched animals Marsupialia Kangaroo
41%
Have trunk, incisors elongated into tusks Proboscidea Elephant
40%
Toothless or have teeth without enamel Edentata Anteater
15%
No matching quizzes found
Score Distribution
Percent of People with Each Score
Percentile by Number Answered
Your Score History
You have not taken this quiz